| 000 | 01150nam a22003017a 4500 | ||
|---|---|---|---|
| 001 | 4716 | ||
| 003 | FISKH | ||
| 005 | 20240925100533.0 | ||
| 008 | 240925b cb ||||| |||| 00| 0 eng d | ||
| 020 | _a9780545822060 | ||
| 040 |
_aFISKH _beng _cFISKH _dFISKH |
||
| 050 | _aPZ7.L979135 | ||
| 082 | _2813.6 | ||
| 100 | _aLuper, Eric | ||
| 245 |
_aThe spy's secret / _cby Eric Luper illustrated by Lisa K.Weber |
||
| 250 | _aFirst printing in 2016 | ||
| 260 |
_aNew York : _bScholastic, _c2016. |
||
| 300 |
_a124 pages : _billustrations ; _c20cm. |
||
| 505 | _aN | ||
| 520 | _aIn their second trip through the enchanted library, the new key lands Cleo and Evan in the middle of a spy story, where their impossible mission is to stop a traitor who calls himself Viper--and they find themselves working with the replacement librarian, Ms. Crowley, whose exact role in their adventures is becoming increasingly mysterious. | ||
| 521 | 8 |
_a560L
_bLexile |
|
| 521 | 8 |
_aN
_bRaz-Plus |
|
| 650 |
_2Adventure _aKey Hunters Series |
||
| 650 |
_2Mystery _aSharks |
||
| 700 |
_aK.weber, Lisa _dIllustrator |
||
| 942 |
_2ddc _cBK _n0 |
||
| 999 |
_c4716 _d4716 |
||